| 000 | 00417nam a2200169Ia 4500 | ||
|---|---|---|---|
| 005 | 20250613021531.0 | ||
| 008 | 240331s9999 xx 000 0 und d | ||
| 020 | _a9552003814 | ||
| 082 |
_bDAN _a307 |
||
| 100 | _aDhanapala, H.A | ||
| 245 | 0 | _aLoka sanwardana gatalu | |
| 260 |
_aColombo _bS. Godage & Brothers _c1992 |
||
| 300 | _a80 p ., | ||
| 650 | _aSocial Studies | ||
| 650 | _aWorld Development | ||
| 942 | _cL | ||
| 999 |
_c2240 _d2240 |
||